Statistics for Turkey Immigration by Country

Click here to take the quiz!

General Stats

  • This quiz has been taken 2,172 times
    (1,951 since last reset)
  • The average score is 18 of 24

Answer Stats

# PeopleCountry of Origin% Correct
217,901Syria
95%
29,614Greece
93%
108,547Iran
93%
313,806Iraq
93%
56,974Russia
92%
33,367United Kingdom
92%
292,437Germany
90%
97,847Azerbaijan
84%
361,904Bulgaria
84%
26,614United States
84%
37,524France
82%
31,656Egypt
78%
29,285Georgia
78%
29,793Ukraine
74%
142,423Afghanistan
72%
53,239Saudi Arabia
69%
36,216Kazakhstan
64%
136,881Turkmenistan
64%
77,968Uzbekistan
62%
32,689Kyrgyzstan
57%
28,044Libya
57%
35,655Netherlands
51%
38,791North Macedonia
46%
29,489Belgium
45%

Score Distribution

Percentile by Number Answered

Percent of People with Each Score

Your Score History

You have not taken this quiz since the last reset